| 000 | 00370nam a2200121Ia 4500 | ||
|---|---|---|---|
| 008 | 240731s9999 xx 000 0 und d | ||
| 022 | _a2332-0753 | ||
| 245 | 0 | _aSpanish Journal of Finance and Accounting / Revista Española de Financiación y Contabilidad | |
| 260 | _bRoutledge | ||
| 856 | _uhttps://www.tandfonline.com/loi/refc20 | ||
| 942 | _2ddc | ||
| 942 | _cTFEJ | ||
| 999 |
_c79519 _d79519 |
||
| 945 |
_a1 _bMadushi Gamage _c1 _dMadushi Gamage |
||